| Tag |
First Indicator |
Second Indicator |
Subfields |
| LEADER |
00000pam a2200000 i 4500 |
| 001 |
in00000045767 |
| 005 |
20151007075247.0 |
| 008 |
780503s1978 nyua b 00110 eng |
| 010 |
|
|
|a 78009797
|
| 020 |
|
|
|a 0442203705
|
| 035 |
|
|
|a (OCoLC)03915524
|
| 035 |
|
|
|9 AAF2911AM
|
| 040 |
|
|
|a DLC
|c DLC
|d TXA
|d UtOrBLW
|
| 049 |
|
|
|a TXAM
|c 1 [1240534], 2 [1115517]
|
| 050 |
0 |
0 |
|a HD57
|b .H5
|
| 082 |
0 |
|
|a 658.31/42
|
| 100 |
1 |
|
|a Hinrichs, John R.
|
| 245 |
1 |
0 |
|a Practical management for productivity /
|c John R. Hinrichs.
|
| 264 |
|
1 |
|a New York :
|b Van Nostrand Reinhold,
|c [1978]
|
| 264 |
|
4 |
|c ©1978
|
| 300 |
|
|
|a xv, 192 pages :
|b illustrations ;
|c 24 cm.
|
| 336 |
|
|
|a text
|b txt
|2 rdacontent
|
| 337 |
|
|
|a unmediated
|b n
|2 rdamedia
|
| 338 |
|
|
|a volume
|b nc
|2 rdacarrier
|
| 490 |
1 |
|
|a Van Nostrand Reinhold/Work in America Institute series
|
| 504 |
|
|
|a Includes index.
|
| 650 |
|
0 |
|a Labor productivity.
|
| 650 |
|
0 |
|a Organizational behavior
|v Case studies.
|
| 830 |
|
0 |
|a Van Nostrand Reinhold/Work in America Institute series.
|
| 999 |
|
|
|a MARS
|
| 999 |
f |
f |
|s bdb07f17-fc30-3b1c-93b3-d1816814e497
|i 6023ae9b-5630-3090-bf27-44ac83c15cf4
|t 0
|
| 952 |
f |
f |
|p ric
|a Texas A&M University
|b Rellis Campus
|c Joint Library Facility
|d Remote Storage
|t 0
|e HD57 .H5
|h Library of Congress classification
|i unmediated -- volume
|m A14802629506
|
| 998 |
f |
f |
|a HD57 .H5
|t 0
|l Remote Storage
|